Pinguine der Welt - Statistiken

Allgemein
  • Dieses Quiz wurde 28 mal gespielt
  • Das Durchschnittsergebnis liegt bei 4 aus 19
Antwortstatistiken
Gattung Art % Korrekt
Aptenodytes Kaiserpinguin
96%
Aptenodytes Königspinguin
76%
Spheniscus Brillenpinguin
56%
Pygoscelis Eselspinguin
36%
Spheniscus Humboltpinguin
32%
Eudyptula Zwergpinguin
32%
Spheniscus Galapagospinguin
16%
Spheniscus Magellanpinguin
16%
Pygoscelis Adeliepinguin
12%
Eudyptes Goldschopfpinguin
12%
Eudyptes Westlicher Felsenpinguin
12%
Eudyptes Haubenpinguin
8%
Eudyptes Östlicher Felsenpinguin
8%
Eudyptes Dickschnabelpinguin
4%
Megadyptes Gelbaugenpinguin
4%
Eudyptes Snarespinguin
4%
Eudyptes Tristanpinguin
4%
Pygoscelis Zügelpinguin
4%
Eudyptes Kronenpinguin
0%
Keine übereinstimmenden Quizze gefunden
Verteilung der Resultate
Anzahl Personen mit jedem Resultat
Perzentil nach korrekt beantworteten Fragen
Ihre Resultats-Entwicklung
Sie haben dieses Quiz noch nicht gespielt